Filosofía actual : en perspectiva latinoamericana / Compilado por Jesús Antonio Serrano Sánchez (Registro nro. 44590)
[ vista simple ]
| 000 -LÍDER | |
|---|---|
| Campo fijo de descripción fija | 013550000a22002290004500 |
| 020 ## - NÚMERO INTERNACIONAL NORMALIZADO PARA LIBROS | |
| Número Internacional Normalizado del libro | 958-692-970 |
| 082 04 - NÚMERO DE CLASIFICACIÓN DECIMAL DEWEY | |
| Número de clasificación | G 199.8 S4875f |
| 001 - NÚMERO DE CONTROL | |
| Campo de control | 18102 |
| 100 1# - ASIENTO PRINCIPAL--NOMBRE PERSONAL | |
| Nombre personal | Serrano Sánchez, Jesús Antonio |
| 245 10 - TÍTULO | |
| Título del Material | Filosofía actual : en perspectiva latinoamericana / Compilado por Jesús Antonio Serrano Sánchez |
| 250 ## - MENCIÓN DE EDICIÓN | |
| Mención de edición | 2 |
| 260 ## - PUBLICACIÓN, DISTRIBUCIÓN, ETC. (PIE DE IMPRENTA) | |
| Lugar de publicación, distribución, etc. | Bogotá : San Pablo |
| 300 ## - DESCRIPCIÓN FÍSICA | |
| Extensión | 283 p. |
| 336 ## - CONTENT TYPE | |
| Content type term | texto |
| Content type code | txt |
| Source | rdacontent |
| 337 ## - MEDIA TYPE | |
| Source | rdamedia |
| Media type term | sin mediación |
| Media type code | n |
| 338 ## - CARRIER TYPE | |
| Source | rdacarrier |
| Carrier type term | volumen |
| Carrier type code | nc |
| 500 ## - NOTA GENERAL | |
| Nota General | Incluye índice onomástico e índice de materias |
| 505 00 - NOTA DE CONTENIDO | |
| Nota de contenido con formato preestablecido | Fenomenología (Daniel Herrera Restrepo) -- La hermenéutica y su naturaleza analógica: necesidad de una hermenéutica analógica (Mauricio Beuchot) -- La filosofía analítica (Margarita M. Valdés, Miguel Ángel Fernández) -- Filosofía de la ciencia en el siglo XX (Ana Rosa Pérez Ransanz) -- La escuela de Frankfurt (Mauricio Urrea Carrillo) -- Posestructuralismo (Fabián Giménez Gatto, Gabriela Traverso Perdomo)-- El liberalismo en la segunda mitad del siglo XX (Jesús Antonio Serrano Sánchez)-- Filosofía y cultura (Dora Elvira García G.)-- Filosofía e interculturalidad en América Latina: intento de introducción no filosófica (Raúl Fornet-Betancourt) |
| 942 ## - TIPO DE MATERIAL (KOHA) | |
| Tipo de Item KOHA | Libros General |
| Estado de Material | Estado de Perdido | Estado de Dañado | No para Préstamo | Colección | Tomo | Biblioteca de Origen | Biblioteca Permanente | Fecha de Adquisición | Total de Préstamos | Signatura Topográfica | Código de Barras | Última vez visto | Ejemplar/Existencia | Fecha de Remplazo | Tipo de Material |
|---|---|---|---|---|---|---|---|---|---|---|---|---|---|---|---|
| Colección General | Biblioteca FUSBC | Biblioteca FUSBC | 13/01/2014 | G 199.8 S4875f | 17953 | 12/12/2019 | 1 | 26/01/2016 | Libros General |
